Jak vydělat na klesajícím trhu?
Existujú rôzne spôsoby ako zarobiť na klesajúcich akciových trhoch. Nemusí ísť len o klasický predaj na krátko, možno využiť aj rôzne finančné produkty. Jedným z nich je short ETF ( Exchange Traded Funds), jeho podstata a ďalšie využitie.
Saved in:
| Main Author: | |
|---|---|
| Format: | Book Chapter |
| Language: | Czech |
| Subjects: | |
| Tags: |
No Tags, Be the first to tag this record!
|
MARC
| LEADER | 00000naa a2200000 4500 | ||
|---|---|---|---|
| 001 | 0163751 | ||
| 005 | 20240502083402.4 | ||
| 041 | 0 | |a cze | |
| 044 | |a CZ | ||
| 245 | 1 | 0 | |a Jak vydělat na klesajícím trhu? |c Miroslav Kmeťko |
| 520 | |a Existujú rôzne spôsoby ako zarobiť na klesajúcich akciových trhoch. Nemusí ísť len o klasický predaj na krátko, možno využiť aj rôzne finančné produkty. Jedným z nich je short ETF ( Exchange Traded Funds), jeho podstata a ďalšie využitie. | ||
| 610 | 2 | 0 | |a trh finančný |
| 610 | 2 | 0 | |a financie |
| 610 | 2 | 0 | |a produkty |
| 610 | 2 | 0 | |a nástroje investičné |
| 100 | 1 | |a Kmeťko, Miroslav, 1969- | |